Chargement en cours...

Interpolation and approximation

Détails bibliographiques
Auteur principal: Davis, Philip J
Format: Printed Book
Publié: Dover Publcations, New York 1975
LEADER 00397nam a2200169 4500
082
100 |a Davis, Philip J 
245 |a Interpolation and approximation  |c Philip J Davis 
250
260 |a Dover Publcations, New York  |c 1975 
300
490
650
700
942 |c BK 
999 |c 200625  |d 200625 
952 |0 0  |1 1  |4 0  |7 0  |9 213974  |a MAT  |b MAT  |l 0  |p MAT1441  |r 2019-11-01  |w 2019-11-01  |y BK